<?xml version="1.0" encoding="UTF-8"?>
<collection xmlns="http://www.loc.gov/MARC21/slim">
<record>
  <controlfield tag="001">152109</controlfield>
  <controlfield tag="005">20251017144641.0</controlfield>
  <datafield tag="024" ind1="7" ind2=" ">
    <subfield code="2">doi</subfield>
    <subfield code="a">10.3390/life15020248</subfield>
  </datafield>
  <datafield tag="024" ind1="8" ind2=" ">
    <subfield code="2">sideral</subfield>
    <subfield code="a">143391</subfield>
  </datafield>
  <datafield tag="037" ind1=" " ind2=" ">
    <subfield code="a">ART-2025-143391</subfield>
  </datafield>
  <datafield tag="041" ind1=" " ind2=" ">
    <subfield code="a">eng</subfield>
  </datafield>
  <datafield tag="100" ind1=" " ind2=" ">
    <subfield code="a">Gallego-Peñalver, Francisco</subfield>
  </datafield>
  <datafield tag="245" ind1=" " ind2=" ">
    <subfield code="a">Cohort-Based Evaluation of the Risk of Low Back Pain After Total Hip Arthroplasty: A Long-Term Study</subfield>
  </datafield>
  <datafield tag="260" ind1=" " ind2=" ">
    <subfield code="c">2025</subfield>
  </datafield>
  <datafield tag="506" ind1="0" ind2=" ">
    <subfield code="a">Access copy available to the general public</subfield>
    <subfield code="f">Unrestricted</subfield>
  </datafield>
  <datafield tag="520" ind1="3" ind2=" ">
    <subfield code="a">Low back pain (LBP) is a potential complication after total hip arthroplasty (THA). However, some studies suggest that THA not only alleviates joint pain but also resolves LBP in up to 88.2% of patients. Most of these observations are limited to short-term follow-ups. This study investigates the long-term relationship between THA and LBP, challenging the notion that THA resolves LBP. A retrospective review was conducted on 236 patients who underwent THA (2010–2020). Multiple statistical models were applied, including unadjusted unmatched, adjusted unmatched, adjusted matched, and target trial emulation with 7887 subjects, to evaluate LBP incidence. Of the 236 patients, 119 developed postoperative LBP. The unadjusted unmatched analysis showed a relative risk (RR) of 2.23 (95%CI: 1.5–3.2). Adjusting for age, sex, body mass index (BMI), and recruitment period reduced the RR to 1.64 (95%CI: 1.0–2.6). The adjusted matched analysis showed an RR of 1.09 (95%CI: 0.4–3.0), while the target trial emulation simulated an RR of 1.03 (95%CI: 0.7–1.8), indicating no significant differences. Despite an apparent initial association, adjusted analyses do not support a significant long-term relationship between THA and LBP. No reduction in postoperative LBP incidence was observed, suggesting THA is safe regarding LBP risk but lacks a curative effect. Rigorous confounding adjustment is essential in retrospective studies.</subfield>
  </datafield>
  <datafield tag="540" ind1=" " ind2=" ">
    <subfield code="9">info:eu-repo/semantics/openAccess</subfield>
    <subfield code="a">by</subfield>
    <subfield code="u">https://creativecommons.org/licenses/by/4.0/deed.es</subfield>
  </datafield>
  <datafield tag="655" ind1=" " ind2="4">
    <subfield code="a">info:eu-repo/semantics/article</subfield>
    <subfield code="v">info:eu-repo/semantics/publishedVersion</subfield>
  </datafield>
  <datafield tag="700" ind1=" " ind2=" ">
    <subfield code="a">Chaure-Pardos, Armando</subfield>
  </datafield>
  <datafield tag="700" ind1=" " ind2=" ">
    <subfield code="a">Romero-de-la-Higuera, Silvia</subfield>
  </datafield>
  <datafield tag="700" ind1=" " ind2=" ">
    <subfield code="a">Gómez-Trullén, Eva</subfield>
    <subfield code="u">Universidad de Zaragoza</subfield>
    <subfield code="0">(orcid)0000-0002-7876-4735</subfield>
  </datafield>
  <datafield tag="710" ind1="2" ind2=" ">
    <subfield code="1">1006</subfield>
    <subfield code="2">245</subfield>
    <subfield code="a">Universidad de Zaragoza</subfield>
    <subfield code="b">Dpto. Fisiatría y Enfermería</subfield>
    <subfield code="c">Área Educación Física y Depor.</subfield>
  </datafield>
  <datafield tag="773" ind1=" " ind2=" ">
    <subfield code="g">15, 2 (2025), 248 [10 pp.]</subfield>
    <subfield code="p">Life (Basel)</subfield>
    <subfield code="t">Life</subfield>
    <subfield code="x">2075-1729</subfield>
  </datafield>
  <datafield tag="856" ind1="4" ind2=" ">
    <subfield code="s">518127</subfield>
    <subfield code="u">http://zaguan.unizar.es/record/152109/files/texto_completo.pdf</subfield>
    <subfield code="y">Versión publicada</subfield>
  </datafield>
  <datafield tag="856" ind1="4" ind2=" ">
    <subfield code="s">2641550</subfield>
    <subfield code="u">http://zaguan.unizar.es/record/152109/files/texto_completo.jpg?subformat=icon</subfield>
    <subfield code="x">icon</subfield>
    <subfield code="y">Versión publicada</subfield>
  </datafield>
  <datafield tag="909" ind1="C" ind2="O">
    <subfield code="o">oai:zaguan.unizar.es:152109</subfield>
    <subfield code="p">articulos</subfield>
    <subfield code="p">driver</subfield>
  </datafield>
  <datafield tag="951" ind1=" " ind2=" ">
    <subfield code="a">2025-10-17-14:32:10</subfield>
  </datafield>
  <datafield tag="980" ind1=" " ind2=" ">
    <subfield code="a">ARTICLE</subfield>
  </datafield>
</record>
</collection>